History of Cambodia - Statistics

General Stats
  • This quiz has been taken 52 times
  • The average score is 14 of 20
Answer Stats
Question Answer % Correct
What country did Cambodia have border clashed with in 2025? Thailand
100%
What country controlled Cambodia between 1867–1953? France
95%
What notorious dictator has been blamed for killing up to 36% of Cambodia'spopulation in the late 1970s? Pol Pot
95%
What country invaded, overthrew the above and ended the Cambodia genocide? Vietnam
95%
What political and military movement sowed terror in Cambodia in the 1970s? Khmer {Rouge}
93%
What country invaded Cambodia in 1970? United States
91%
What figure's "Great Leap Forward" was that dictator trying to emulate? Mao Zedong
86%
What religion did Jayavarman VII make the official state religion of the Khmer Empire? Buddhism
84%
What country tried to conquer and Christianize Cambodia between 1593–1599? Spain
84%
What ancient capital used to be the most extensive urban complex of the pre-industrial world – whose population peaked at 1 million? Angkor
81%
What things in the ground have killed an estimated 60,000 people since 1970? Land Mines
72%
In the aftermath of what war did Cambodia gain its independence from the above? First {Indochina} War
67%
What name is given to the sites where most of the victims of theCambodian genocide were executed? {Killing} Fields
65%
To what Hindu deity was that city's famous temple dedicated when it was built? Vishnu
58%
What was officially abolished in Cambodia in 1970, but was restored in 1993? Monarchy
53%
What international body did Cambodia join in 1999? ASEAN
51%
What name was given to Cambodia's regime when it was being ruled by the Communist Party between 1975–1982? Democratic {Kampuchea}
49%
What modern-day metropolis, outside Cambodia, originated as a Khmer fishing village and strategic trade port known as "Prey Nokor"? Ho Chi Minh City
47%
In what war movie was Colonel Kurtz worshiped by Khmer militia troops? Apocalypse Now
40%
Who was the prime minister of Cambodia between 1998–2023? {Hun} Sen
35%
No matching quizzes found
Score Distribution
Percent of People with Each Score
Percentile by Number Answered
Your Score History
You have not taken this quiz